The return of Martin Guere

Αποθηκεύτηκε σε:
Λεπτομέρειες βιβλιογραφικής εγγραφής
Κύριος συγγραφέας: Davis, Natalie Zemon, 1928-
Μορφή: Βιβλίο
Γλώσσα:English
Δημοσίευση: Cambridge; Massachusetts : Harvard University Press, 1983
Θέματα:
Ετικέτες: Προσθήκη ετικέτας
Δεν υπάρχουν, Καταχωρήστε ετικέτα πρώτοι!

MARC

LEADER 00000cam a2200000 i 4500
001 1/101663
008 950428s1983 eng d
020 |a 0-674-76691-1 
035 |l 10012198 
040 |a GR-MY-UA  |b gre  |e aacr 
041 0 |a eng 
082 0 |a 944.028 
100 1 |a Davis, Natalie Zemon,   |d 1928- 
245 1 4 |a The return of Martin Guere /  |c Natalie Zemon Davis 
260 |a Cambridge; Massachusetts :   |b Harvard University Press,   |c 1983 
300 |a 162 p. 
600 1 0 |a Du Tilh, Arnault,  |d -1560. 
600 1 0 |a Guerre, Martin,   |d active 1539-1560. 
650 0 0 |a Impostors and imposture  |z France. 
767 0 8 |t Η επιστροφή του Μαρτίνου Γκέρ /  
852 |a INST  |b LESVOS  |e 19950428  |h 944.028 DAV  |p 005100000658  |q 005100000658  |t BK  |y 0 
909 |a Λ  |b 040844 
950 |a 089-1995-02-23